The noble scholar, jurist, historian


 His Excellency Dr. Abdul Wahhab bin Ibrahim Abu Sulaiman, may Allah have mercy on him.


 He was born in Umm Al-Qura in the year 1356 AH.

الأعمال الكاملة للأديب الأستاذ عبد الله عبد الرحمن الجفري. (Record no. 1548)

MARC details
000 -LEADER
fixed length control field 01304cam a22003011i 4500
003 - CONTROL NUMBER IDENTIFIER
control field SA-RiAUC
005 - DATE AND TIME OF LATEST TRANSACTION
control field 20241029123619.0
008 - FIXED-LENGTH DATA ELEMENTS--GENERAL INFORMATION
fixed length control field 241019s2005 su g 0101m ara c
020 ## - INTERNATIONAL STANDARD BOOK NUMBER
International Standard Book Number 9960478270
020 ## - INTERNATIONAL STANDARD BOOK NUMBER
International Standard Book Number 9960478277
040 ## - CATALOGING SOURCE
Original cataloging agency SA-JeALM
Language of cataloging ara
Transcribing agency SA-RiAUC
Description conventions rda
050 #4 - LIBRARY OF CONGRESS CALL NUMBER
Item number A17 2005
082 04 - DEWEY DECIMAL CLASSIFICATION NUMBER
Classification number 810.9
Assigning agency SA-RiAUC
090 ## - LOCALLY ASSIGNED LC-TYPE CALL NUMBER (OCLC); LOCAL CALL NUMBER (RLIN)
Classification number (OCLC) (R) ; Classification number, CALL (RLIN) (NR) 810.9
Local cutter number (OCLC) ; Book number/undivided call number, CALL (RLIN) ج ف ر
100 1# - MAIN ENTRY--PERSONAL NAME
Personal name الجفري، عبد الله عبد الرحمن،
Dates associated with a name 1358-1429 هجري
Relator term مؤلف.
245 12 - TITLE STATEMENT
Title الأعمال الكاملة للأديب الأستاذ عبد الله عبد الرحمن الجفري.
264 #1 - PRODUCTION, PUBLICATION, DISTRIBUTION, MANUFACTURE, AND COPYRIGHT NOTICE
Place of production, publication, distribution, manufacture جدة، السعودية :
Name of producer, publisher, distributor, manufacturer عبد المقصود محمد سعيد خوجة،
Date of production, publication, distribution, manufacture, or copyright notice 2009
300 ## - PHYSICAL DESCRIPTION
Extent 6 مجلد ؛
Dimensions 24 سم.
336 ## - CONTENT TYPE
Content type term نص
Content type code txt
Source rdacontent
Materials specified كتاب
337 ## - MEDIA TYPE
Media type term بدون وسيط
Media type code n
Source rdamedia
338 ## - CARRIER TYPE
Carrier type term مجلد
Carrier type code nc
Source rdacarrier
490 0# - SERIES STATEMENT
Series statement كتاب الإثنينية ؛
Volume/sequential designation 32
500 ## - GENERAL NOTE
General note صدرت هذه الأعمال بمناسبة مكة المكرمة عاصمة الثقافة الإسلامية.
650 #7 - SUBJECT ADDED ENTRY--TOPICAL TERM
Topical term or geographic name entry element الأدب العربي
Geographic subdivision السعودية
Chronological subdivision قرن 14 هجري
Form subdivision مجموعات
Source of heading or term aucsh
650 #7 - SUBJECT ADDED ENTRY--TOPICAL TERM
Topical term or geographic name entry element الأدب العربي
Geographic subdivision السعودية
Form subdivision مجموعات
Source of heading or term aucsh
942 ## - ADDED ENTRY ELEMENTS (KOHA)
Source of classification or shelving scheme Dewey Decimal Classification
Koha item type Books
Suppress in OPAC No
949 ## - LOCAL PROCESSING INFORMATION (OCLC)
a SA-JeALM
d 241019
u mohamedma123
n 1
Holdings
Withdrawn status Lost status Source of classification or shelving scheme Damaged status Not for loan Home library Current library Date acquired Total checkouts Full call number Barcode Date last seen Price effective from Koha item type Materials specified (bound volume or other part)
    Dewey Decimal Classification     DR AbdElwahab Library DR AbdElwahab Library 10/21/2024   810.9 ج ف ر 000002228 10/21/2024 10/21/2024 Books  
    Dewey Decimal Classification     DR AbdElwahab Library DR AbdElwahab Library 10/29/2024   810.9 ج ف ر 000002811 10/29/2024 10/29/2024 Books الجزء الاول
    Dewey Decimal Classification     DR AbdElwahab Library DR AbdElwahab Library 10/29/2024   810.9 ج ف ر 000002812 10/29/2024 10/29/2024 Books الجزء الثاني
    Dewey Decimal Classification     DR AbdElwahab Library DR AbdElwahab Library 10/29/2024   810.9 ج ف ر 000002813 10/29/2024 10/29/2024 Books الجزء الثالث
    Dewey Decimal Classification     DR AbdElwahab Library DR AbdElwahab Library 10/29/2024   810.9 ج ف ر 000002814 10/29/2024 10/29/2024 Books الجزء الرابع
    Dewey Decimal Classification     DR AbdElwahab Library DR AbdElwahab Library 10/29/2024   810.9 ج ف ر 000002815 10/29/2024 10/29/2024 Books الجزء الخامس
    Dewey Decimal Classification     DR AbdElwahab Library DR AbdElwahab Library 10/29/2024   810.9 ج ف ر 000002816 10/29/2024 10/29/2024 Books الجزء السادس